000 01194nam a22003617a 4500
001 0008678
003 KOHA_MİRAKIL
005 20260207001644.0
007 ta
008 091009b2006 tu |||gr||||#0|||0|tur |
020 _a9751618711
_cTL8
040 _aTR-BiSEU
_btur
_cTR-BiSEU
_erda
041 0 _atur
044 _ctu
050 _aDR709.4
_b.T37 2006
100 1 _aTaş, Hülya.
245 1 _aXVII yüzyılda Ankara :
_bAnkara'nın bütüncül tarihine katkı/
_cHülya Taş ; Hülya Taş.
264 1 _aAnkara :
_bAtatürk Kültür, Dil ve Tarih Yüksek Kurumu
_c2006
300 _aXII, 281 sayfa: harita, tablo
336 _ametin
_btxt
_2rdacontent
337 _aaracısız
_bn
_2rdamedia
338 _acilt
_bnc
_2rdacarrier
490 1 _aAtatürk Kültür, Dil ve Tarih Yüksek Kurumu.
490 1 _aTürk Tarih Kurumu Yayınları ;
_vXXVII.
490 1 _adizi-sayı 9.
500 _aKaynakça ve dizin var.
650 0 _aAnkara (Türkiye)--Tarih.
_921793
830 1 _aAtatürk Kültür, Dil ve Tarih Yüksek Kurumu.
_96683
830 1 _aTürk Tarih Kurumu Yayınları ;
_vXXVII.
_920361
830 1 _adizi-sayı 9.
_920399
907 _aTarih
942 _2lcc
_cBK
999 _c8650
_d8650